Southville International School and Colleges
Your cart is empty.
  • Cart
  • Lists
    Public lists Eva Luna New books Lux_list list_1
    Your lists Log in to create your own lists
  • Log in to your account
  • Your cookies
  • Search history
Southville International School and Colleges
  • Advanced search
  • Recent comments
  • Most popular
  • Libraries

Log in to your account

Log in with GOOGLE


If you do not have an external account, but do have a local account, you can still log in:

  1. Home
  2. MARC view: Father figure /
Normal view MARC view ISBD view

Father figure / (Record no. 10694)

[ view plain ]
MARC details
000 -LEADER
fixed length control field 00773cam a2200289 i 4500
001 - CONTROL NUMBER
control field 1791318
003 - CONTROL NUMBER IDENTIFIER
control field OSt
005 - DATE AND TIME OF LATEST TRANSACTION
control field 20140310182220.0
008 - FIXED-LENGTH DATA ELEMENTS--GENERAL INFORMATION
fixed length control field 780414s1978 nyu j 000 1 eng
010 ## - LIBRARY OF CONGRESS CONTROL NUMBER
LC control number 78007909
020 ## - INTERNATIONAL STANDARD BOOK NUMBER
International Standard Book Number 014037969
040 ## - CATALOGING SOURCE
Original cataloging agency DLC
Transcribing agency DLC
Modifying agency DLC
042 ## - AUTHENTICATION CODE
Authentication code lcac
050 00 - LIBRARY OF CONGRESS CALL NUMBER
Classification number PZ 7
Item number .P338 1978
082 00 - DEWEY DECIMAL CLASSIFICATION NUMBER
Classification number FIC
Item number P33f 1978
100 1# - MAIN ENTRY--PERSONAL NAME
Personal name Peck, Richard
Dates associated with a name 1934-
9 (RLIN) 17306
245 10 - TITLE STATEMENT
Title Father figure /
Statement of responsibility, etc Richard Peck.
250 ## - EDITION STATEMENT
Edition statement 1st ed.
260 ## - PUBLICATION, DISTRIBUTION, ETC. (IMPRINT)
Place of publication, distribution, etc New York :
Name of publisher, distributor, etc Viking Press,
Date of publication, distribution, etc c1978.
300 ## - PHYSICAL DESCRIPTION
Extent 192 p. :
Dimensions 22 cm.
650 #1 - SUBJECT ADDED ENTRY--TOPICAL TERM
Topical term or geographic name as entry element Brothers and sisters
General subdivision Fiction.
9 (RLIN) 17307
650 #1 - SUBJECT ADDED ENTRY--TOPICAL TERM
Topical term or geographic name as entry element Fathers and sons
General subdivision Fiction.
9 (RLIN) 17308
906 ## - LOCAL DATA ELEMENT F, LDF (RLIN)
a 7
b cbc
c orignew
d 1
e ocip
f 19
g y-gencatlg
942 ## - ADDED ENTRY ELEMENTS (KOHA)
Source of classification or shelving scheme Library of Congress Classification
Koha item type
Holdings
Withdrawn status Lost status Source of classification or shelving scheme Damaged status Home library Current library Shelving location Date acquired Total Checkouts Full call number Barcode Date last seen Copy number Price effective from Koha item type
    Library of Congress Classification   Luxembourg Library Luxembourg Library Fiction Section 09/09/2013   PZ 7 .P338 1978 4735 09/09/2013 1 09/09/2013 Books
    Library of Congress Classification   Luxembourg Library Luxembourg Library Fiction Section 09/09/2013   PZ 7 .P338 1978 5984 06/13/2017 2 09/09/2013 Books

Father figure /

APA

Peck R., . (1978). Father figure. New York: Viking Press.

Chicago

Peck Richard, . 1978. Father figure. New York: Viking Press.

Harvard

Peck R., . (1978). Father figure. New York: Viking Press.

MLA

Peck Richard, . Father figure. New York: Viking Press. 1978.

  • Place hold
  • Print
  • Cite
  • Add to your cart (remove)
  • Save record
    BIBTEX Dublin Core MARCXML MARC (non-Unicode/MARC-8) MARC (Unicode/UTF-8) MARC (Unicode/UTF-8, Standard) MODS (XML) RIS
  • More searches
    Search for this title in:
    Other Libraries (WorldCat) Other Databases (Google Scholar) Online Stores (Bookfinder.com) Open Library (openlibrary.org)

Exporting to Dublin Core...

SOUTHVILLE LIBRARY

Southville International School and Colleges Library

1281 Tropical Ave. Cor. Luxembourg St., BF Homes International, Las Pinas City

Tel. No. 8256374 / 252358 Loc. 117/146

Powered by Koha